Micro-Hydro Design Manual : (Record no. 17075)
[ view plain ]
| 000 -LEADER | |
|---|---|
| fixed length control field | 00998cam a2200229 a 4500 |
| 001 - CONTROL NUMBER | |
| control field | 2530454 |
| 005 - DATE AND TIME OF LATEST TRANSACTION | |
| control field | 20160809160106.0 |
| 008 - FIXED-LENGTH DATA ELEMENTS--GENERAL INFORMATION | |
| fixed length control field | 930506s1993 enka b 000 0 eng |
| 020 ## - INTERNATIONAL STANDARD BOOK NUMBER | |
| International Standard Book Number | 1853391034 |
| 020 ## - INTERNATIONAL STANDARD BOOK NUMBER | |
| International Standard Book Number | 9781853391033 |
| 082 00 - DEWEY DECIMAL CLASSIFICATION NUMBER | |
| Classification number | 621.31 |
| Edition number | 22 |
| Item number | HAR |
| 100 1# - MAIN ENTRY--PERSONAL NAME | |
| Personal name | Harvey, Adam. |
| 9 (RLIN) | 31178 |
| 245 10 - TITLE STATEMENT | |
| Title | Micro-Hydro Design Manual : |
| Remainder of title | a Guide to Small-Scale Water Power Schemes / |
| Statement of responsibility, etc | by Adam Harvey ; with Andy Brown, Priyantha Hettiarachi, and Allen Inversin. |
| 260 ## - PUBLICATION, DISTRIBUTION, ETC. (IMPRINT) | |
| Place of publication, distribution, etc | London : |
| Name of publisher, distributor, etc | Intermediate Technology Publications, |
| Date of publication, distribution, etc | 1993. |
| 300 ## - PHYSICAL DESCRIPTION | |
| Extent | 374 p. : |
| Other physical details | ill. ; |
| Dimensions | 30 cm. |
| 504 ## - BIBLIOGRAPHY, ETC. NOTE | |
| Bibliography, etc | Includes bibliographical references (p. 361-364). |
| 650 #0 - SUBJECT ADDED ENTRY--TOPICAL TERM | |
| Topical term or geographic name as entry element | Hydroelectric power plants |
| Geographic subdivision | Developing countries |
| General subdivision | Design and construction. |
| 9 (RLIN) | 31179 |
| 653 ## - INDEX TERM--UNCONTROLLED | |
| Resource For college | |
| Arrived date list | October2012 |
| 650 #0 - SUBJECT ADDED ENTRY--TOPICAL TERM | |
| 9 (RLIN) | 31180 |
| Topical term or geographic name as entry element | Small power production facilities |
| Geographic subdivision | Developing countries |
| General subdivision | Design and construction. |
| 942 ## - ADDED ENTRY ELEMENTS (KOHA) | |
| Source of classification or shelving scheme | Dewey Decimal Classification |
| Item type | Book - Borrowing |
| Withdrawn status | Item status | Source of classification or shelving scheme | Damaged status | Not for loan | Vendor | Home library | Current library | Shelving location | Date acquired | Source of acquisition | Cost, normal purchase price | Serial Enumeration / chronology | Total Checkouts | Total Renewals | Full call number | Barcode | Date last seen | Date last borrowed | Koha item type |
|---|---|---|---|---|---|---|---|---|---|---|---|---|---|---|---|---|---|---|---|
| Dewey Decimal Classification | Baccah | Central Library | Central Library | First floor | 17/10/2012 | 450.00 | 12 | 1 | 1 | 621.31 HAR | 000027703 | 15/07/2025 | 18/12/2012 | Book - Borrowing | |||||
| Dewey Decimal Classification | Baccah | Central Library | Central Library | First floor | 17/10/2012 | 450.00 | 12 | 621.31 HAR | 000027704 | 15/07/2025 | Book - Borrowing | ||||||||
| Dewey Decimal Classification | Baccah | Central Library | Central Library | First floor | 17/10/2012 | 450.00 | 12 | 621.31 HAR | 000027705 | 15/07/2025 | Book - Borrowing |